|
|
|
|
| LEADER |
00000nab a2200000 a 4500 |
| 001 |
vtls000491799 |
| 003 |
SK-MaSNL |
| 005 |
20260303193234.0 |
| 008 |
120927c1993 xo 0 slo |
| 015 |
|
|
|a SNBRB19rr/mm-uuuuu
|
| 035 |
|
|
|a CL0491937
|
| 040 |
|
|
|a SNKBUCL
|b slo
|c SNKBUCL
|e AACR2
|
| 041 |
0 |
|
|a slo
|
| 044 |
|
|
|a xo
|c SK
|
| 080 |
|
|
|a 628.94.041:621.32:061.5(437.6)
|2 1981
|
| 080 |
|
|
|a 621.32
|2 1981
|
| 100 |
1 |
|
|a Drastich, Miloš,
|d 1951-2017
|4 aut
|9 234069
|
| 245 |
1 |
0 |
|a Svetlá z Elektrosvitu
|b Z výstavy Racioenergia '93. 2
|c Miloš Drastich
|
| 300 |
|
|
|b Fotogr. 14
|
| 650 |
0 |
7 |
|a svietidlá elektrické
|2 snkbucl
|9 939758
|
| 650 |
0 |
7 |
|a Elektrosvit, a.s., Nové Zámky
|2 snkbucl
|9 966385
|
| 651 |
|
7 |
|a 5207
|2 snkbucl
|9 276522
|
| 655 |
|
7 |
|a články z novín a časopisov
|2 snkbucl
|9 267496
|
| 773 |
0 |
|
|t Technické noviny
|g Roč. 41, č. 19 (1993), s. 13
|
| 850 |
|
|
|a Slovenská národná knižnica v Martine
|a MTA001
|
| 852 |
|
|
|a SNK
|b KIS3GCP
|
| 958 |
|
|
|a RK
|
| 992 |
|
|
|a RBX
|
| 999 |
|
|
|c 2151237
|d 2153167
|